Dhaka University : The Convocation Speeches, Vol. - 2, 1948-1970 (Record no. 30941)

MARC details
000 -LEADER
fixed length control field 00656nam a22001817a 4500
003 - CONTROL NUMBER IDENTIFIER
control field BDDh-ASL
005 - DATE AND TIME OF LATEST TRANSACTION
control field 20231015031218.0
008 - FIXED-LENGTH DATA ELEMENTS--GENERAL INFORMATION
fixed length control field 230309s1989 b ||||| |||| 00| 0 eng d
040 ## - CATALOGING SOURCE
Original cataloging agency BDDh-ASL
Transcribing agency BDDh-ASL
041 ## - LANGUAGE CODE
Language code of text/sound track or separate title eng
082 ## - DEWEY DECIMAL CLASSIFICATION NUMBER
Classification number 080.906
Item number DHA
110 1# - MAIN ENTRY--CORPORATE NAME
Corporate name or jurisdiction name as entry element University of Dhaka (ঢাকা বিশ্ববিদ্যালয়)
9 (RLIN) 6140
245 00 - TITLE STATEMENT
Title Dhaka University : The Convocation Speeches, Vol. - 2, 1948-1970
260 ## - PUBLICATION, DISTRIBUTION, ETC.
Place of publication, distribution, etc. Dhaka:
Name of publisher, distributor, etc. University of Dhaka,
Date of publication, distribution, etc. 1989.
300 ## - PHYSICAL DESCRIPTION
Extent 301 p. :
Dimensions 23 cm.
650 #0 - SUBJECT ADDED ENTRY--TOPICAL TERM
Topical term or geographic name entry element Convocation Speeches (সমাবর্তন বক্র্ততা/বক্তৃতা)
9 (RLIN) 2677
942 ## - ADDED ENTRY ELEMENTS (KOHA)
Source of classification or shelving scheme Dewey Decimal Classification
Koha item type Books
Holdings
Withdrawn status Lost status Source of classification or shelving scheme Damaged status Not for loan Collection code Home library Current library Shelving location Date acquired Source of acquisition Serial Enumeration / chronology Total Checkouts Full call number Barcode Date last seen Copy number Price effective from Koha item type Public note
    Dewey Decimal Classification     Non-fiction Asiatic Society Library Asiatic Society Library Dhaka Collection 03/09/2023 Book purchased in 2022 from Ekushey Book Fair V-2   080.906 DHA 119505 03/09/2023 C-1 03/09/2023 Books Y-1989

Powered by Koha